000 00933nas a2200289 4500
001 BR2011006506
003 BR-BrBNA
005 20231205115210.0
007 ta
008 230509b bl.|||p| |||| 00| 00por d
040 _aBR-BrBNA
_bpor
_cBiblioteca Nacional de Agricultura
041 _a(Pt)
072 _aL01
100 1 _aSilveira, I.D.B.
100 1 _aPeters, M.D.P.
100 1 _aStorch, T.
100 1 _aZiguer, E.A.
100 1 _aFischer, V.
245 1 _aSimulação da rentabilidade e viabilidade econômica de um modelo de produção de leite em free-stall
650 _aPRODUÇÃO LEITEIRA
650 _aMODELO DE SIMULAÇÃO
650 _aRENTABILIDADE
650 _aFATOR DE PRODUÇÃO
773 0 _tArquivo Brasileiro de Medicina Veterinária e Zootecnia (Brazil)
_xISSN 0102-0935
_g(Apr 2011), v. 63(2) p. 392-398
_wBR2011006506
909 _a202311
_bLúcia
_c55
_dLúcia Elande
942 _2AGRIS
_n0
_cANA
999 _c212566
_d212566